| 000 -LEADER |
| fixed length control field |
01429 a2200289 4500 |
| 003 - CONTROL NUMBER IDENTIFIER |
| control field |
NUST |
| 005 - DATE AND TIME OF LATEST TRANSACTION |
| control field |
20230102131415.0 |
| 010 ## - LIBRARY OF CONGRESS CONTROL NUMBER |
| LC control number |
96133472 |
| 020 ## - INTERNATIONAL STANDARD BOOK NUMBER |
| International Standard Book Number |
1565920864 |
| 040 ## - CATALOGING SOURCE |
| Transcribing agency |
Nust |
| 082 ## - DEWEY DECIMAL CLASSIFICATION NUMBER |
| Classification number |
364.168,ICO |
| 100 1# - MAIN ENTRY--PERSONAL NAME |
| Personal name |
Icove, David J., |
| 9 (RLIN) |
106624 |
| 245 10 - TITLE STATEMENT |
| Title |
Computer crime : |
| Remainder of title |
a crimefighter's handbook / |
| Statement of responsibility, etc. |
David Icove, Karl Seger, and William VonStorch. |
| 250 ## - EDITION STATEMENT |
| Edition statement |
1st ed. |
| 260 ## - PUBLICATION, DISTRIBUTION, ETC. |
| Place of publication, distribution, etc. |
Sebastopol, CA : |
| Name of publisher, distributor, etc. |
O'Reilly & Associates, |
| Date of publication, distribution, etc. |
1995. |
| 300 ## - PHYSICAL DESCRIPTION |
| Extent |
xxi, 437 p. : |
| Other physical details |
ill. ; |
| Dimensions |
24 cm. |
| 505 ## - FORMATTED CONTENTS NOTE |
| Formatted contents note |
Introduction to computer crime (Page-1), What are the crimes (Page-29), Who commits computer crimes (Page-61), What are the laws (Page-71), What is at risk (Page-89),Physical security (Page-103), Communications security (Page-129), Handing Computer Crime (Page-155), Part 4:- Computer Crime Laws (Page-203), Part 5:- Appendices (Page-351). |
| 650 #0 - SUBJECT ADDED ENTRY--TOPICAL TERM |
| Topical term or geographic name entry element |
Computer crimes. |
| 9 (RLIN) |
18532 |
| 650 #0 - SUBJECT ADDED ENTRY--TOPICAL TERM |
| Topical term or geographic name entry element |
Computer security. |
| 9 (RLIN) |
570 |
| 650 #0 - SUBJECT ADDED ENTRY--TOPICAL TERM |
| Topical term or geographic name entry element |
Computers |
| General subdivision |
Law and legislation |
| Geographic subdivision |
United States. |
| 9 (RLIN) |
85540 |
| 650 #0 - SUBJECT ADDED ENTRY--TOPICAL TERM |
| Topical term or geographic name entry element |
Electronic data processing departments |
| General subdivision |
Security measures. |
| 9 (RLIN) |
95063 |
| 700 1# - ADDED ENTRY--PERSONAL NAME |
| Personal name |
Seger, Karl A., |
| Dates associated with a name |
1940- |
| 9 (RLIN) |
106625 |
| 700 1# - ADDED ENTRY--PERSONAL NAME |
| Personal name |
VonStorch, William R. |
| 9 (RLIN) |
106626 |
| 856 42 - ELECTRONIC LOCATION AND ACCESS |
| Materials specified |
Contributor biographical information |
| Uniform Resource Identifier |
<a href="http://www.loc.gov/catdir/enhancements/fy0915/96133472-b.html">http://www.loc.gov/catdir/enhancements/fy0915/96133472-b.html</a> |
| 856 42 - ELECTRONIC LOCATION AND ACCESS |
| Materials specified |
Publisher description |
| Uniform Resource Identifier |
<a href="http://www.loc.gov/catdir/enhancements/fy0915/96133472-d.html">http://www.loc.gov/catdir/enhancements/fy0915/96133472-d.html</a> |
| 942 ## - ADDED ENTRY ELEMENTS (KOHA) |
| Source of classification or shelving scheme |
|
| Koha item type |
Book |
| Call number prefix |
364.168,ICO |